| 000 | 00581 a2200169 4500 | ||
|---|---|---|---|
| 020 | _a0387201580 | ||
| 020 | _a9780387201580 | ||
| 082 | _a514.742 | ||
| 090 |
_c1106 _d1106 |
||
| 100 | 1 | _aMandelbrot, Benoit B. | |
| 245 | 1 | 0 |
_aFractals and chaos : _bthe mandelbrot set and beyond / _cBenoit B. Mandelbrot. |
| 260 |
_a[S.l.] : _bSpringer, _c2004. |
||
| 300 |
_a320 p. ; _c24 cm. |
||
| 700 | _aMandelbrot, Benoit B. | ||
| 942 |
_aSNS _cBK _k514.742 MAN |
||
| 999 |
_c29722 _d29722 |
||